[Event "59. BEM 2005"]
[Site "Dortmund"]
[Date "2005.03.14"]
[Round "7"]
[White "Koch, Roland"]
[Black "Duschek, Günter"]
[Result "0-1"]
[WhiteElo "1399"]
[BlackElo "1719"]
[PlyCount "65"]
[EventDate "2005.??.??"]
[Source "SG Dortmund"]
[SourceDate "2004.12.16"]

1. c4 Nf6 2. e3 e5 3. Nc3 c6 4. a3 a5 5. d4 exd4 6. exd4 d5 7. Bg5 Be7 8. Qc2
dxc4 9. Rd1 Be6 10. Nge2 Nd5 11. Bf4 Bg5 12. Be5 Bf6 13. Ng3 b5 14. Nce4 O-O
15. Be2 Nd7 16. f4 Ne3 17. Qd2 Nxd1 18. Qxd1 Nxe5 19. fxe5 Bh4 20. O-O f5 21.
Nd6 Bxg3 22. hxg3 Qg5 23. Kh2 Bd5 24. Rf4 Qh6+ 25. Rh4 Qe3 26. Bh5 Qf2 27. Bf3
f4 28. Bxd5+ cxd5 29. Rh3 f3 30. Qh1 Qxd4 31. Qb1 Qd3 32. Qxd3 cxd3 33. gxf3
0-1

[Event "59. BEM 2005"]
[Site "Dortmund"]
[Date "2005.03.14"]
[Round "7"]
[White "Benke, Werner"]
[Black "Rutmann, Ulrich"]
[Result "1-0"]
[WhiteElo "1648"]
[BlackElo "1379"]
[PlyCount "95"]
[EventDate "2005.??.??"]
[Source "SG Dortmund"]
[SourceDate "2004.12.16"]

1. e4 d6 2. f4 g6 3. Nf3 Bg7 4. Bc4 Nf6 5. d3 O-O 6. O-O Bg4 7. c3 Nc6 8. Bb3
Qd7 9. Be3 e6 10. Nbd2 a6 11. a4 Rae8 12. h3 Bxf3 13. Nxf3 Nd8 14. Qe2 c6 15.
Qf2 Qc7 16. Kh1 Qa5 17. Ng5 Qc7 18. a5 c5 19. e5 dxe5 20. Bxc5 exf4 21. Bxf8
Rxf8 22. Qxf4 Qd7 23. d4 Nh5 24. Qf3 Nf6 25. Ne4 Nxe4 26. Qxe4 Qb5 27. Qc2 Nc6
28. Ba4 Qc4 29. Bxc6 Qxc6 30. Qd3 Rd8 31. Qf3 Qc7 32. Qf4 Qe7 33. Rf3 g5 34.
Qe4 Rf8 35. Raf1 Qc7 36. h4 f5 37. Qxe6+ Kh8 38. Rxf5 Rxf5 39. Rxf5 h6 40. h5
Qg3 41. Qe8+ Kh7 42. Rf3 Qg4 43. Kg1 Bxd4+ 44. cxd4 Qxd4+ 45. Qe3 Qd1+ 46. Kh2
Qd6+ 47. Rg3 g4 48. Qd3+ 1-0

[Event "59. BEM 2005"]
[Site "Dortmund"]
[Date "2005.03.14"]
[Round "7"]
[White "Sroka, Andreas"]
[Black "Wiemann, Peter"]
[Result "0-1"]
[WhiteElo "1230"]
[BlackElo "1581"]
[PlyCount "72"]
[EventDate "2005.??.??"]
[Source "SG Dortmund"]
[SourceDate "2004.12.16"]

1. f4 e5 2. fxe5 d6 3. Nf3 Bg4 4. b3 Bxf3 5. exf3 dxe5 6. Bb2 Nd7 7. d4 Bb4+ 8.
Nd2 Qe7 9. dxe5 Nxe5 10. Qe2 Bxd2+ 11. Kxd2 O-O-O+ 12. Ke1 Qb4+ 13. Kf2 Rd2 14.
Rd1 Rxe2+ 15. Bxe2 f6 16. Rd4 Qb6 17. Rhd1 Nc6 18. Kf1 Nxd4 19. Bxd4 Qa5 20. f4
Ne7 21. Bc4 Qf5 22. Bxa7 Nc6 23. Be3 Ne5 24. Rd5 Rd8 25. g4 Qxg4 26. Rxd8+ Kxd8
27. fxe5 Qf3+ 28. Bf2 fxe5 29. Be2 Qc3 30. Bd3 h6 31. a4 Qb4 32. Be1 Qf4+ 33.
Kg2 e4 34. Be2 Qc1 35. Bf2 Qxc2 36. Bc4 e3 0-1

[Event "59. BEM 2005"]
[Site "Dortmund"]
[Date "2005.03.14"]
[Round "7"]
[White "Schaefer, Ulrich"]
[Black "Schoppe, Hans-Werner"]
[Result "1-0"]
[WhiteElo "1475"]
[BlackElo "1201"]
[PlyCount "95"]
[EventDate "2005.??.??"]
[Source "SG Dortmund"]
[SourceDate "2004.12.16"]

1. e4 e6 2. d4 d5 3. Nc3 dxe4 4. Nxe4 b6 5. c3 Bb7 6. Qf3 Bxe4 7. Qxe4 Qd5 8.
Bd3 Nf6 9. Qf3 Nbd7 10. Bc4 Qxf3 11. Nxf3 c5 12. Bb5 Bd6 13. Bg5 O-O 14. O-O-O
Be7 15. Bxd7 Rad8 16. Bb5 h6 17. Be3 cxd4 18. Bxd4 Nd5 19. Ne5 Bg5+ 20. Kb1 Nc7
21. Be2 Rd6 22. h4 Bf6 23. Bf3 Nb5 24. Nc4 Rdd8 25. Bxf6 gxf6 26. Rd2 Rc8 27.
Ne3 a5 28. Rhd1 f5 29. Rd7 Rc7 30. Rxc7 Nxc7 31. Rd7 Na6 32. Nc4 Nc5 33. Rd6
Ne4 34. Bxe4 fxe4 35. Rxb6 Rc8 36. Nxa5 Rc5 37. Nb3 Rf5 38. Rd6 Rxf2 39. Rd2 e3
40. Rxf2 exf2 41. Nd2 e5 42. Kc1 e4 43. Nf1 f5 44. Kd2 f4 45. Ke2 e3 46. a4 Kf7
47. a5 Ke7 48. a6 1-0

[Event "59. BEM 2005"]
[Site "Dortmund"]
[Date "2005.03.14"]
[Round "7"]
[White "Ludwig, Erwin"]
[Black "Kuckelke, Jürgen"]
[Result "1-0"]
[WhiteElo "1437"]
[BlackElo "1263"]
[PlyCount "59"]
[EventDate "2005.??.??"]
[Source "SG Dortmund"]
[SourceDate "2004.12.16"]

1. Nf3 d5 2. g3 Nc6 3. d3 e5 4. Bg2 Nf6 5. Nbd2 Bc5 6. O-O O-O 7. c4 d4 8. Nb3
Be7 9. Nbd2 Bf5 10. Nh4 Bg4 11. Re1 Nd7 12. Nhf3 Bh5 13. a3 a5 14. b3 f5 15.
Bb2 Bg6 16. Qc1 Bh5 17. e3 Nc5 18. Qc2 dxe3 19. Rxe3 f4 20. Rxe5 Nxd3 21. Rxh5
Nxb2 22. Qxh7+ Kf7 23. Ne5+ Nxe5 24. Bd5+ Ke8 25. Rxe5 Kd7 26. Qh3+ Kd6 27.
Qe6+ Kc5 28. Bxb7+ Kd4 29. Rd5+ Qxd5 30. Qxd5+ 1-0

[Event "59. BEM 2005"]
[Site "Dortmund"]
[Date "2005.03.14"]
[Round "7"]
[White "Hansen, Jochen"]
[Black "Gennat, Egon L"]
[Result "0-1"]
[WhiteElo "1374"]
[BlackElo "1287"]
[PlyCount "128"]
[EventDate "2005.??.??"]
[Source "SG Dortmund"]
[SourceDate "2004.12.16"]

1. e4 e5 2. Nf3 Nc6 3. Bb5 d6 4. O-O Bd7 5. d4 exd4 6. Nxd4 Ne5 7. Bxd7+ Qxd7
8. Nc3 Nf6 9. Bg5 Be7 10. Nf5 O-O 11. Nd5 Nxd5 12. f4 Bxg5 13. Qxd5 c6 14. Qxd6
Qxd6 15. Nxd6 Bf6 16. fxe5 Bxe5 17. Nc4 Bc7 18. Rae1 Rad8 19. Rd1 f6 20. Rfe1
Kf7 21. g3 Ke6 22. Kg2 b5 23. Ne3 g6 24. b3 Bb6 25. Kf3 Ba5 26. Re2 Rxd1 27.
Nxd1 Rd8 28. Ne3 Bb6 29. h3 h5 30. g4 h4 31. Ng2 g5 32. Ne3 a5 33. Nf5 Rd1 34.
c4 Rf1+ 35. Kg2 Rf4 36. Rd2 Bc7 37. Re2 Ke5 38. Ne7 Rxe4 39. Rxe4+ Kxe4 40.
Nxc6 bxc4 41. bxc4 f5 42. gxf5 Kxf5 43. Ne7+ Ke4 44. c5 Kd4 45. c6 Ke5 46. Kf3
Kd6 47. Nf5+ Kxc6 48. Kg4 Bf4 49. Ng7 Kd5 50. Nh5 Bd2 51. Nf6+ Kd4 52. Nh7 a4
53. Nxg5 Kd3 54. Nf3 Bc3 55. Kxh4 Kc2 56. Kg4 Kb2 57. h4 Kxa2 58. h5 Kb3 59. h6
a3 60. h7 a2 61. Nd2+ Kc2 62. Ne4 a1=Q 63. Nxc3 Qxc3 64. Kh5 Qg7 0-1

[Event "59. BEM 2005"]
[Site "Dortmund"]
[Date "2005.03.14"]
[Round "7"]
[White "Dieckmann, Rudolf"]
[Black "Krüger, Inge"]
[Result "0-1"]
[WhiteElo "1573"]
[BlackElo "1307"]
[PlyCount "141"]
[EventDate "2005.??.??"]
[Source "SG Dortmund"]
[SourceDate "2004.12.16"]

1. e4 e6 2. d4 d5 3. Bd3 Nf6 4. e5 Nfd7 5. f4 c5 6. c3 cxd4 7. cxd4 Nc6 8. Nf3
Be7 9. O-O O-O 10. a3 h6 11. f5 exf5 12. Bxf5 Bg5 13. Nxg5 hxg5 14. Qh5 g6 15.
Bxg6 fxg6 16. Qxg6+ Kh8 17. Qh6+ Kg8 18. Qg6+ Kh8 19. Rxf8+ Nxf8 20. Qh5+ Nh7
21. Be3 Bd7 22. Nc3 Be8 23. Qh6 Bf7 24. Rf1 Qf8 25. Qh3 Qg8 26. Qd7 Be6 27.
Qxb7 Na5 28. Qa6 Nc4 29. Bc1 Qg6 30. Nxd5 Bf5 31. Qxc4 Bd3 32. Ne7 Qe4 33. Qd5
Qxd5 34. Nxd5 Bxf1 35. Kxf1 Rd8 36. Ne3 Rxd4 37. h3 Re4 38. Ng4 Kg7 39. Bd2 Kg6
40. Kf2 Nf8 41. Kf3 Rc4 42. Bc3 Ne6 43. Ke3 Nf4 44. Kf3 Nd5 45. e6 Rf4+ 46. Kg3
Re4 47. Ne5+ Kf5 48. Nf3 g4 49. Nd4+ Kg6 50. hxg4 Nxc3 51. bxc3 Re3+ 52. Kf4
Rxc3 53. e7 Kf7 54. Nf5 Rxa3 55. g5 Ra6 56. g4 Re6 57. Nh4 Kxe7 58. Kf5 Rb6 59.
g6 Kf8 60. Kg5 a5 61. Nf5 Kg8 62. Kh5 Rb7 63. g5 a4 64. Nh6+ Kg7 65. Nf5+ Kg8
66. Kh6 a3 67. g7 a2 68. Kg6 Rb6+ 69. Kh5 a1=Q 70. g6 Qd1+ 71. Kg5 0-1

[Event "59. BEM 2005"]
[Site "Dortmund"]
[Date "2005.03.14"]
[Round "7"]
[White "Pachura, Karl-Heinz"]
[Black "Krüger, Sven"]
[Result "1-0"]
[WhiteElo "1274"]
[BlackElo "1233"]
[PlyCount "45"]
[EventDate "2005.??.??"]
[Source "SG Dortmund"]
[SourceDate "2004.12.16"]

1. e4 e6 2. d4 d5 3. Nc3 dxe4 4. Nxe4 Nf6 5. Ng5 Be7 6. Bc4 O-O 7. Be3 h6 8.
N5f3 Nd5 9. Ne2 Nxe3 10. fxe3 Nd7 11. O-O Nb6 12. Bb3 Nd5 13. Qd2 Nf6 14. Ne5
Ne4 15. Qd3 Nf6 16. c3 Bd6 17. Bc2 Ne4 18. Qxe4 f5 19. Qd3 Qh4 20. Rf4 Qf6 21.
Raf1 c5 22. Bb3 b5 23. Rxf5 1-0

[Event "59. BEM 2005"]
[Site "Dortmund"]
[Date "2005.03.15"]
[Round "8"]
[White "Henrichs, Thomas"]
[Black "Tkachuk, Sergiy"]
[Result "1-0"]
[WhiteElo "2394"]
[BlackElo "2128"]
[PlyCount "69"]
[EventDate "2005.??.??"]
[Source "SG Dortmund"]
[SourceDate "2004.12.16"]

1. d4 Nf6 2. c4 g6 3. Nc3 Bg7 4. e4 d6 5. Nf3 O-O 6. h3 e5 7. d5 Ne8 8. g4 f5
9. gxf5 gxf5 10. exf5 Bxf5 11. Be3 Nd7 12. Rg1 Kh8 13. Ng5 Qe7 14. Qd2 e4 15.
O-O-O Nef6 16. Nb5 Ne5 17. Nd4 Bg6 18. Nge6 Rg8 19. Be2 c5 20. dxc6 bxc6 21.
Nf4 d5 22. Nde6 dxc4 23. Bd4 Bf5 24. Nxg7 Rxg7 25. Rxg7 Kxg7 26. Rg1+ Kf7 27.
Rg5 e3 28. Qxe3 Nd3+ 29. Bxd3 Qxe3+ 30. fxe3 Bxd3 31. Nxd3 cxd3 32. Rf5 c5 33.
Rxf6+ Ke7 34. Bc3 Rg8 35. Rc6 1-0

[Event "59. BEM 2005"]
[Site "Dortmund"]
[Date "2005.03.15"]
[Round "8"]
[White "Naundorf, Maik"]
[Black "Eismont, Igor"]
[Result "0-1"]
[WhiteElo "2075"]
[BlackElo "2174"]
[PlyCount "40"]
[EventDate "2005.??.??"]
[Source "SG Dortmund"]
[SourceDate "2004.12.16"]

1. Nf3 d5 2. c4 c6 3. e3 Nf6 4. Qc2 Bg4 5. Ne5 e6 6. Nxg4 Nxg4 7. h3 Nf6 8. Nc3
Nbd7 9. Be2 Bd6 10. O-O O-O 11. d4 dxc4 12. Bxc4 e5 13. dxe5 Bxe5 14. f4 Bxc3
15. bxc3 Qe7 16. Kh2 Rfe8 17. Rb1 Nc5 18. Rf3 Qe4 19. Qxe4 Nfxe4 20. Ba3 Nd2
0-1

[Event "59. BEM 2005"]
[Site "Dortmund"]
[Date "2005.03.15"]
[Round "8"]
[White "Kartsev, Soel"]
[Black "Hein, Erwin"]
[Result "1/2-1/2"]
[WhiteElo "2158"]
[BlackElo "1966"]
[PlyCount "105"]
[EventDate "2005.??.??"]
[Source "SG Dortmund"]
[SourceDate "2004.12.16"]

1. e4 c5 2. Nc3 Nc6 3. g3 g6 4. Bg2 Bg7 5. d3 e6 6. f4 Nge7 7. Nf3 d5 8. O-O
O-O 9. e5 a6 10. a4 h5 11. b3 Nf5 12. Qe2 Qa5 13. Bb2 Bd7 14. Qf2 Ncd4 15. h3
Nxf3+ 16. Bxf3 Nd4 17. Bg2 f6 18. exf6 Bxf6 19. Rae1 Rae8 20. Nd1 Qd8 21. Ba3
b6 22. a5 Nf5 23. c3 d4 24. g4 hxg4 25. hxg4 Ne3 26. Nxe3 dxe3 27. Qc2 e5 28.
d4 Kh7 29. dxe5 Bh4 30. Rxe3 Bxg4 31. Be4 Bf5 32. axb6 Qxb6 33. Qh2 Qd8 34.
Bxc5 Rf7 35. b4 Rd7 36. Bd4 Kg8 37. Qg2 Kf8 38. Bc5+ Be7 39. Bxe7+ Rexe7 40.
Bxf5 gxf5 41. Rg3 Rg7 42. Rg5 Rd2 43. Qg3 Qb6+ 44. Rf2 Rd1+ 45. Kg2 Qh6 46. Rf1
Rd2+ 47. Rf2 Rd1 48. Qf3 Rxg5+ 49. fxg5 Qxg5+ 50. Kh3 Qh6+ 51. Kg3 Qg5+ 52. Kh3
Qh6+ 53. Kg3 1/2-1/2

[Event "59. BEM 2005"]
[Site "Dortmund"]
[Date "2005.03.15"]
[Round "8"]
[White "Gorval, Evgueni"]
[Black "Litwak, Aleksej"]
[Result "1-0"]
[WhiteElo "2121"]
[BlackElo "2092"]
[PlyCount "51"]
[EventDate "2005.??.??"]
[Source "SG Dortmund"]
[SourceDate "2004.12.16"]

1. e4 c5 2. Nf3 e6 3. d4 cxd4 4. Nxd4 a6 5. Be3 Nf6 6. Bd3 Qc7 7. f4 d6 8. O-O
Be7 9. c4 b6 10. Nc3 Nbd7 11. b4 Bb7 12. Rc1 Rc8 13. g4 h5 14. g5 Ng4 15. Bd2
b5 16. cxb5 Qb6 17. Nce2 Rxc1 18. Qxc1 axb5 19. h3 e5 20. Bc3 Ngf6 21. gxf6
Bxf6 22. Qe3 exd4 23. Bxd4 Qa6 24. Nc3 Qa3 25. Nxb5 Qxb4 26. Rb1 1-0

[Event "59. BEM 2005"]
[Site "Dortmund"]
[Date "2005.03.15"]
[Round "8"]
[White "Zeldin, Vitali"]
[Black "Woestmann, Ulrich"]
[Result "1-0"]
[WhiteElo "1918"]
[BlackElo "2017"]
[PlyCount "63"]
[EventDate "2005.??.??"]
[Source "SG Dortmund"]
[SourceDate "2004.12.16"]

1. e4 c5 2. Nf3 d6 3. Nc3 e5 4. Bc4 Bg4 5. h3 Be6 6. Bxe6 fxe6 7. d3 Be7 8. O-O
Nc6 9. Ne2 g5 10. c3 h5 11. Qb3 g4 12. hxg4 hxg4 13. Nh2 Qd7 14. Nxg4 O-O-O 15.
f3 Nf6 16. Ne3 Rdg8 17. Kf2 Nh5 18. Ke1 Ng3 19. Nxg3 Rxg3 20. Rg1 Rh2 21. Qd1
Bh4 22. Kf1 Qf7 23. Nc4 Kc7 24. Be3 Qg6 25. Qe2 d5 26. exd5 exd5 27. Nxe5 Qf5
28. Nxc6 Kxc6 29. b4 Rg6 30. Rd1 Re6 31. Qd2 Qe5 32. Bf4 1-0

[Event "59. BEM 2005"]
[Site "Dortmund"]
[Date "2005.03.15"]
[Round "8"]
[White "Tkachuk, Konstantyn"]
[Black "Büchle, Manfred"]
[Result "1-0"]
[WhiteElo "1871"]
[BlackElo "1874"]
[PlyCount "87"]
[EventDate "2005.??.??"]
[Source "SG Dortmund"]
[SourceDate "2004.12.16"]

1. e4 c5 2. Nf3 e6 3. d4 cxd4 4. Nxd4 Nf6 5. Nc3 d6 6. Bc4 a6 7. Bb3 Be7 8. Be3
Qc7 9. f3 Nc6 10. Qd2 Nxd4 11. Bxd4 e5 12. Be3 Be6 13. O-O O-O 14. Rad1 b5 15.
Qf2 Rab8 16. Bg5 b4 17. Bxf6 Bxf6 18. Nd5 Bxd5 19. Rxd5 Bg5 20. Rfd1 Rfd8 21.
h4 Bf6 22. g3 Kf8 23. Kg2 Be7 24. Qe2 Ra8 25. c3 bxc3 26. Rc1 Rdc8 27. Rxc3 Qb6
28. Rdd3 Rab8 29. Qc2 Qd8 30. Rc4 Qe8 31. Rdc3 Rc5 32. Ba4 Qd8 33. b4 Rxc4 34.
Rxc4 g6 35. Bc6 Rc8 36. Bb7 Rxc4 37. Qxc4 a5 38. bxa5 Qxa5 39. Bd5 Qd2+ 40. Kh3
Qd4 41. Qc8+ Kg7 42. Qe8 Qg1 43. Qxf7+ Kh6 44. Qxe7 1-0

[Event "59. BEM 2005"]
[Site "Dortmund"]
[Date "2005.03.15"]
[Round "8"]
[White "Starp, Klaus"]
[Black "Goldschmidt, Christian"]
[Result "1-0"]
[WhiteElo "1912"]
[BlackElo "2070"]
[PlyCount "97"]
[EventDate "2005.??.??"]
[Source "SG Dortmund"]
[SourceDate "2004.12.16"]

1. e4 e5 2. Nc3 Nf6 3. g3 d5 4. exd5 Nxd5 5. Bg2 Be6 6. Nge2 Nc6 7. d3 Bc5 8.
Ne4 Bb6 9. a3 f5 10. Ng5 Bg8 11. c4 Nf6 12. b4 Bd4 13. Rb1 e4 14. dxe4 Bxc4 15.
exf5 Bxf2+ 16. Kxf2 Ng4+ 17. Ke1 Qxd1+ 18. Kxd1 O-O-O+ 19. Ke1 Rhe8 20. Ne6 Nd4
21. N2xd4 Rxd4 22. Bb2 Rd7 23. h3 Ne3 24. Bxb7+ Kxb7 25. Nc5+ Kc8 26. Nxd7 Kxd7
27. Kf2 Nxf5 28. Rbd1+ Kc6 29. Rhe1 Rf8 30. g4 Nh4+ 31. Kg3 g5 32. Re3 Bf1 33.
Rd2 Bc4 34. Rf2 Rd8 35. Bf6 Rd5 36. Bxg5 Ng6 37. Rc2 Kb5 38. a4+ Kxb4 39. Re4
Rc5 40. Be3 Rc6 41. h4 Kb3 42. Rc1 a6 43. Bd2 Bd5 44. Rb4+ Ka3 45. Rxc6 Bxc6
46. Rc4 Bxa4 47. Rxc7 h5 48. gxh5 Ne5 49. h6 1-0

[Event "59. BEM 2005"]
[Site "Dortmund"]
[Date "2005.03.15"]
[Round "8"]
[White "Schiefelbusch, Dirk"]
[Black "Gorzinski, Dariusz"]
[Result "1-0"]
[WhiteElo "2061"]
[BlackElo "1885"]
[PlyCount "69"]
[EventDate "2005.??.??"]
[Source "SG Dortmund"]
[SourceDate "2004.12.16"]

1. b4 e5 2. Bb2 Bxb4 3. Bxe5 Nf6 4. c4 O-O 5. Nf3 b6 6. e3 Bb7 7. Be2 d5 8.
cxd5 Bxd5 9. O-O Bd6 10. Bb2 Ne4 11. d3 Ng5 12. e4 Bb7 13. Nbd2 c5 14. Nc4 Be7
15. Ne3 Nc6 16. Nf5 Ne6 17. Qd2 f6 18. Bd1 Ned4 19. N3xd4 Nxd4 20. Nxd4 cxd4
21. Bb3+ Kh8 22. f4 Bc5 23. f5 Qd6 24. Rf3 Rac8 25. Raf1 Bb4 26. Qf2 Rc7 27.
Rh3 h6 28. Bc1 Rxc1 29. Rxc1 Ba3 30. Rf1 Bc5 31. Qh4 Qe7 32. Qg4 Bd6 33. Rc1
Rc8 34. Rxc8+ Bxc8 35. Rxh6+ 1-0

[Event "59. BEM 2005"]
[Site "Dortmund"]
[Date "2005.03.15"]
[Round "8"]
[White "Kalikhman, Grigorij"]
[Black "Szyszka, Arkadiusz"]
[Result "1/2-1/2"]
[WhiteElo "2017"]
[BlackElo "1865"]
[PlyCount "212"]
[EventDate "2005.??.??"]
[Source "SG Dortmund"]
[SourceDate "2004.12.16"]

1. e4 c5 2. Nf3 d6 3. d4 cxd4 4. Nxd4 Nf6 5. Nc3 a6 6. Be2 e6 7. Bf3 Be7 8. O-O
O-O 9. g3 Qc7 10. Qe2 Nc6 11. Nxc6 bxc6 12. Bf4 e5 13. Be3 Be6 14. b3 d5 15.
Bg5 d4 16. Bxf6 Bxf6 17. Na4 c5 18. Nb2 Qc6 19. Bg4 Rfe8 20. Bxe6 Qxe6 21. Rad1
Bd8 22. Rfe1 Ba5 23. Rf1 Bc7 24. Nc4 Rf8 25. Rde1 g5 26. Kg2 Kh8 27. g4 Rg8 28.
Rh1 Bd8 29. Qf3 Bf6 30. Qf5 Rae8 31. Qxe6 Rxe6 32. Kf3 Bd8 33. Ke2 Rgg6 34. f3
Rh6 35. h3 Rh4 36. Rh2 Bc7 37. Kd3 Rf6 38. Nd2 Ba5 39. Rf1 Bxd2 40. Kxd2 Rfh6
41. Rfh1 Rf6 42. Rf2 Rhh6 43. Kd3 Rc6 44. Kc4 Rhf6 45. h4 Rh6 46. Rfh2 gxh4 47.
Rxh4 Rxh4 48. Rxh4 f6 49. Kd5 Rc8 50. g5 Rd8+ 51. Kc4 fxg5 52. Rh5 Kg7 53.
Rxg5+ Kf6 54. Rf5+ Ke6 55. Rh5 Rf8 56. Rh6+ Rf6 57. Rxh7 Rxf3 58. Rh6+ Ke7 59.
Kd5 Rf2 60. Kxe5 Rxc2 61. Rxa6 d3 62. Rd6 d2 63. a4 Rb2 64. Rd3 Rxb3 65. Rxd2
c4 66. Rd5 Ra3 67. a5 c3 68. Rc5 c2 69. Rc7+ Kd8 70. Rxc2 Rxa5+ 71. Kf6 Ra6+
72. Kf5 Ra1 73. Rb2 Ke7 74. Rb7+ Ke8 75. e5 Rf1+ 76. Ke6 Kd8 77. Ra7 Rh1 78.
Ra8+ Kc7 79. Rf8 Re1 80. Rf5 Kd8 81. Rg5 Re2 82. Rg8+ Kc7 83. Kf6 Kd7 84. Rg7+
Ke8 85. Ra7 Re1 86. Ke6 Kd8 87. Ra8+ Kc7 88. Kf6 Kd7 89. Ra7+ Ke8 90. Ke6 Kd8
91. Rd7+ Ke8 92. Rd5 Ra1 93. Rb5 Ra6+ 94. Kf5 Ra7 95. Rb8+ Ke7 96. Rh8 Ra1 97.
Rh7+ Kd8 98. Kf6 Rf1+ 99. Ke6 Re1 100. Rh8+ Kc7 101. Re8 Rh1 102. Kf7 Rh7+ 103.
Kg6 Kd7 104. Ra8 Rh1 105. Ra6 Rf1 106. Rf6 Re1 1/2-1/2

[Event "59. BEM 2005"]
[Site "Dortmund"]
[Date "2005.03.15"]
[Round "8"]
[White "Hillebrand, Carsten"]
[Black "Kleymann, Jelena"]
[Result "1/2-1/2"]
[WhiteElo "1941"]
[BlackElo "1848"]
[PlyCount "121"]
[EventDate "2005.??.??"]
[Source "SG Dortmund"]
[SourceDate "2004.12.16"]

1. c4 Nf6 2. Nf3 e6 3. g3 d5 4. Bg2 c6 5. b3 Be7 6. O-O O-O 7. Qc2 Nbd7 8. Bb2
b6 9. d3 Bb7 10. Nbd2 Rc8 11. Rac1 b5 12. Qb1 a5 13. e4 Nc5 14. e5 Ne8 15. Ne1
Ba6 16. d4 Nd7 17. c5 b4 18. Nd3 g6 19. Rfe1 Bxd3 20. Qxd3 Nc7 21. Bh3 Re8 22.
Re2 Ra8 23. Nf1 a4 24. Rce1 axb3 25. axb3 Bf8 26. Bc1 Bg7 27. Bd2 Qb8 28. Ne3
Qb5 29. Qb1 Reb8 30. Nc2 Qa5 31. Rf1 Rb7 32. Qb2 Qa2 33. Rb1 Nb5 34. Qc1 Raa7
35. Rb2 Qa6 36. Bf1 Qa5 37. Bxb4 Qd8 38. Bd2 Qa8 39. b4 Ra4 40. Re1 Qb8 41. Rb1
Rba7 42. Bd3 Qb7 43. Qd1 Ra2 44. h4 Rxc2 45. Bxc2 Nxd4 46. Bf4 Nb5 47. Rb3 Ra2
48. h5 Rxc2 49. Qxc2 Nd4 50. Qd3 Nxb3 51. Qxb3 Nxc5 52. Qa3 Nd7 53. hxg6 hxg6
54. Qa5 Qb8 55. Rc1 Bxe5 56. Rxc6 Bxf4 57. gxf4 Qxf4 58. Rc8+ Kg7 59. Qa1+ Nf6
60. b5 e5 61. Rc6 1/2-1/2

[Event "59. BEM 2005"]
[Site "Dortmund"]
[Date "2005.03.15"]
[Round "8"]
[White "Ziperstein, Jakob"]
[Black "Kolodziej, Dennis"]
[Result "1-0"]
[WhiteElo "1902"]
[BlackElo "1644"]
[PlyCount "131"]
[EventDate "2005.??.??"]
[Source "SG Dortmund"]
[SourceDate "2004.12.16"]

1. e4 e5 2. Nf3 Nc6 3. Bc4 Nf6 4. Ng5 d5 5. exd5 b5 6. dxc6 bxc4 7. Qe2 Ng4 8.
Nf3 Bc5 9. O-O O-O 10. h3 h5 11. Qxc4 Qe7 12. Nc3 Be6 13. Qa4 Rab8 14. a3 f5
15. d4 exd4 16. Nxd4 Qd6 17. Nf3 Nxf2 18. Rxf2 Qg3 19. Nd4 Rb4 20. Bf4 Qxf2+
21. Kxf2 Bxd4+ 22. Be3 Rxa4 23. Nxa4 Bxe3+ 24. Kxe3 Bd5 25. g3 Bxc6 26. Nc5
Re8+ 27. Kf2 Rd8 28. Nd3 Be4 29. Ke3 g5 30. h4 gxh4 31. gxh4 Bxd3 32. cxd3 Rd5
33. Rc1 c5 34. Rc4 Kf7 35. b4 cxb4 36. axb4 a5 37. bxa5 Rxa5 38. Kf4 Rd5 39. d4
Kf6 40. Rc6+ Kg7 41. Ke3 f4+ 42. Ke4 Rd7 43. Rc3 Re7+ 44. Kxf4 Re1 45. Kg5 Rg1+
46. Kxh5 Kf6 47. Rf3+ Ke6 48. Rf4 Rg8 49. Kh6 Rh8+ 50. Kg7 Rh5 51. Kg6 Rh8 52.
h5 Rg8+ 53. Kh7 Rg5 54. h6 Rg3 55. Rf8 Kd5 56. Rg8 Ra3 57. Rg7 Kxd4 58. Kg8
Ra8+ 59. Kf7 Ra7+ 60. Kg6 Ra6+ 61. Kh5 Ra5+ 62. Kg4 Ra1 63. h7 Rh1 64. Kf5 Kd5
65. Kf6 Kd6 66. Kf7 1-0

[Event "59. BEM 2005"]
[Site "Dortmund"]
[Date "2005.03.15"]
[Round "8"]
[White "Barskij, Aleksandr"]
[Black "Völler, Lothar"]
[Result "1-0"]
[WhiteElo "1825"]
[BlackElo "1565"]
[PlyCount "47"]
[EventDate "2005.??.??"]
[Source "SG Dortmund"]
[SourceDate "2004.12.16"]

1. e4 e5 2. Nf3 Nf6 3. Nxe5 d6 4. Nf3 Nxe4 5. Nc3 Nxc3 6. dxc3 Be7 7. Bf4 O-O
8. Qd2 a5 9. O-O-O a4 10. a3 c6 11. Bxd6 Bg4 12. Bxe7 Qxe7 13. Qf4 Bxf3 14.
Qxf3 Qe6 15. Kb1 Na6 16. Bd3 Rfd8 17. Rhe1 Qh6 18. Re7 Nc5 19. Qxf7+ Kh8 20.
Rde1 Rg8 21. Re8 g5 22. Bc4 Raxe8 23. Rxe8 Rxe8 24. Qxe8+ 1-0

[Event "59. BEM 2005"]
[Site "Dortmund"]
[Date "2005.03.15"]
[Round "8"]
[White "Hardt, Helmut"]
[Black "Orlowski, Wilfried"]
[Result "1-0"]
[WhiteElo "1823"]
[BlackElo "1611"]
[PlyCount "129"]
[EventDate "2005.??.??"]
[Source "SG Dortmund"]
[SourceDate "2004.12.16"]

1. e4 c5 2. Nf3 d6 3. Bb5+ Bd7 4. Bxd7+ Nxd7 5. O-O e5 6. c3 Ngf6 7. d4 Nxe4 8.
dxe5 dxe5 9. Qd5 Ndf6 10. Qxb7 Bd6 11. Qc6+ Ke7 12. Ng5 Qb6 13. Qxb6 axb6 14.
f4 h6 15. Nxe4 Nxe4 16. fxe5 Bxe5 17. Re1 f5 18. Nd2 Kd7 19. Nxe4 fxe4 20. Rxe4
Rae8 21. Re3 Rhf8 22. Bd2 Bf4 23. Rxe8 Kxe8 24. Re1+ Kd7 25. Bxf4 Rxf4 26. Rf1
Rg4 27. h3 Rg6 28. Rf7+ Ke6 29. Rb7 Kd5 30. b3 c4 31. Kf2 Kc6 32. Rf7 b5 33. g4
h5 34. Kf3 hxg4+ 35. hxg4 cxb3 36. axb3 Kd6 37. Kf4 Rh6 38. Rb7 Kc6 39. Rxg7
Rh3 40. Rg8 Kc7 41. Rg5 Kc6 42. Rg6+ Kc5 43. b4+ Kd5 44. Rg5+ Kc6 45. Rc5+ Kd6
46. g5 Ke6 47. g6 Kf6 48. Rc6+ Kg7 49. Ke5 Rd3 50. Kf5 Rf3+ 51. Ke4 Rg3 52. Kd4
Rg4+ 53. Kc5 Rg5+ 54. Kb6 Re5 55. Rc5 Re6+ 56. Kxb5 Rxg6 57. Rc7+ Kf8 58. c4
Ke8 59. Rc6 Rg7 60. c5 Kd8 61. Kb6 Rg4 62. b5 Rg7 63. Rh6 Rf7 64. c6 Rg7 65.
c7+ 1-0

[Event "59. BEM 2005"]
[Site "Dortmund"]
[Date "2005.03.15"]
[Round "8"]
[White "Iwannek, Ralf"]
[Black "Gülicher, Michael"]
[Result "1/2-1/2"]
[WhiteElo "1718"]
[BlackElo "1540"]
[PlyCount "87"]
[EventDate "2005.??.??"]
[Source "SG Dortmund"]
[SourceDate "2004.12.16"]

1. e4 d5 2. exd5 Qxd5 3. Qf3 Nf6 4. Nc3 Qxf3 5. Nxf3 a6 6. Bc4 Nc6 7. Nd5 Nxd5
8. Bxd5 Nb4 9. Bb3 e6 10. a3 Nd5 11. d3 Bd6 12. O-O O-O 13. Re1 b5 14. Bd2 Bb7
15. Ne5 c5 16. g3 Rac8 17. c4 Ne7 18. a4 b4 19. Bd1 Nf5 20. Nf3 Rcd8 21. g4
Bxf3 22. Bxf3 Nd4 23. Bd1 Be7 24. Be3 Bh4 25. Bxd4 Rxd4 26. Be2 f5 27. gxf5
Rxf5 28. Rf1 Rdf4 29. f3 Bf6 30. Rab1 Bd4+ 31. Kh1 Rh5 32. Rg1 Bxg1 33. Rxg1
Kf7 34. Rg2 Kf6 35. Kg1 Rg5 36. Rg3 h5 37. Kf2 h4 38. Rxg5 Kxg5 39. Bf1 Kf5 40.
Bh3+ Ke5 41. Ke3 Rf8 42. Bg4 g5 43. b3 Rf4 44. a5 1/2-1/2

[Event "59. BEM 2005"]
[Site "Dortmund"]
[Date "2005.03.15"]
[Round "8"]
[White "Raskin, Vitali"]
[Black "Schultz, Bernfried"]
[Result "0-1"]
[WhiteElo "1670"]
[BlackElo "1717"]
[PlyCount "52"]
[EventDate "2005.??.??"]
[Source "SG Dortmund"]
[SourceDate "2004.12.16"]

1. e4 d6 2. Nf3 e5 3. Bc4 Be7 4. c3 Nf6 5. Qb3 O-O 6. d3 Nc6 7. O-O Na5 8. Qa4
c6 9. Qc2 Nxc4 10. dxc4 c5 11. Re1 Nh5 12. Nbd2 f5 13. exf5 Bxf5 14. Qd1 Nf4
15. Ne4 Be6 16. b3 h6 17. Be3 Qe8 18. g3 Qg6 19. Bxf4 Rxf4 20. Nfd2 Raf8 21.
Kh1 Bg4 22. f3 Rxf3 23. Qc2 Rf2 24. Rac1 Bf3+ 25. Kg1 Rg2+ 26. Kf1 Bxe4+ 0-1

[Event "59. BEM 2005"]
[Site "Dortmund"]
[Date "2005.03.15"]
[Round "8"]
[White "Martini, Heiko"]
[Black "Ewers, Christian"]
[Result "1/2-1/2"]
[WhiteElo "1481"]
[BlackElo "1671"]
[PlyCount "58"]
[EventDate "2005.??.??"]
[Source "SG Dortmund"]
[SourceDate "2004.12.16"]

1. d4 Nf6 2. Nf3 g6 3. e3 Bg7 4. Bd3 d6 5. O-O O-O 6. Nc3 Nbd7 7. Ne2 c5 8. c3
a6 9. Ng3 b5 10. a3 Bb7 11. Re1 c4 12. Bc2 d5 13. e4 dxe4 14. Nxe4 Nxe4 15.
Bxe4 Bxe4 16. Rxe4 Nc5 17. Re2 Nb3 18. Rb1 Nxc1 19. Qxc1 e6 20. Ng5 Qd5 21. Nf3
Rab8 22. Qg5 Qxg5 23. Nxg5 a5 24. Ne4 Rfc8 25. f4 b4 26. axb4 axb4 27. Rbe1 Rb6
28. Kf2 Rcb8 29. Rb1 h6 1/2-1/2